[Event "CN Seniori"]
[Site "?"]
[Date "2011.02.18"]
[Round "?"]
[White "Gilea, Lucian"]
[Black "Stegariu, Vlad-Ionut"]
[Result "0-1"]
[WhiteElo "2285"]
[BlackElo "2195"]
[PlyCount "82"]
[EventDate "2011.??.??"]

1. d4 Nf6 2. Nf3 e6 3. e3 b6 4. Nbd2 Be7 5. b3 Bb7 6. Bd3 c5 7. Bb2 O-O 8. O-O
d6 9. Qe2 Nbd7 10. c4 Qc7 11. Rad1 Rac8 12. e4 cxd4 13. Nxd4 a6 14. f4 Rfe8 15.
Kh1 Bf8 16. N2f3 g6 17. Bb1 Nh5 18. Ng5 Bg7 19. e5 dxe5 20. fxe5 Nxe5 21. Rde1
Qe7 22. Ne4 f5 23. Ng3 Nxg3+ 24. hxg3 Ng4 25. Nxe6 Bxb2 26. Qxb2 Rc6 27. Bxf5
gxf5 28. Rxf5 Bc8 29. Qd4 Rxe6 30. Rxe6 Bxe6 31. Qxg4+ Qg7 32. Qxg7+ Kxg7 33.
Re5 Kf6 34. Rh5 Kg6 35. Rh4 Rd8 36. Re4 Bf5 37. Re7 Rd1+ 38. Kh2 Rd2 39. Rb7
Rxg2+ 40. Kh1 Rxa2 41. Rxb6+ Kg5 0-1

[Event "CN Seniori"]
[Site "?"]
[Date "2011.02.20"]
[Round "?"]
[White "Gilea, Lucian"]
[Black "Siclovan, Cristian-Daniel"]
[Result "1/2-1/2"]
[WhiteElo "2285"]
[BlackElo "2086"]
[PlyCount "89"]
[EventDate "2011.??.??"]

1. d4 e6 2. c4 d5 3. Nc3 Nf6 4. Nf3 Nbd7 5. Bf4 c6 6. e3 Be7 7. Qc2 O-O 8. c5
b6 9. b4 Bb7 10. Rb1 Re8 11. Bd3 Nf8 12. h3 N6d7 13. O-O f5 14. g4 g6 15. Kh1
Bf6 16. gxf5 exf5 17. Nxd5 cxd5 18. c6 Rc8 19. b5 Ne6 20. Qb3 Bxc6 21. bxc6 Nb8
22. Bxb8 Rxb8 23. a4 Qd6 24. Qb4 Qc7 25. Rbc1 Red8 26. Rc3 Rd6 27. Rfc1 Rdd8
28. Bb1 Rbc8 29. Ba2 Kg7 30. Qb5 Qd6 31. Qb3 Nc7 32. Kg2 Rf8 33. Qa3 Qe6 34. a5
Nb5 35. Qb4 Nxc3 36. Qxc3 g5 37. Ne5 Bxe5 38. dxe5 g4 39. Qd4 Rfe8 40. hxg4
Qxe5 41. Qxe5+ Rxe5 42. axb6 axb6 43. g5 h6 44. gxh6+ Kxh6 45. c7 1/2-1/2

[Event "Superliga 2010_M"]
[Site "Baile Herculane"]
[Date "2010.09.04"]
[Round "1.52"]
[White "Svetushkin, Dmitry"]
[Black "Gilea, Lucian"]
[Result "1-0"]
[WhiteElo "2552"]
[BlackElo "2287"]
[PlyCount "109"]
[EventDate "2010.09.04"]

1. d4 Nf6 2. c4 e6 3. Nf3 d5 4. Nc3 Be7 5. Bf4 O-O 6. e3 b6 7. cxd5 Nxd5 8.
Nxd5 exd5 9. Bd3 c5 10. Ne5 c4 11. Bc2 Nd7 12. Nc6 Qe8 13. O-O Nf6 14. Nxe7+
Qxe7 15. Bg5 h6 16. Bh4 Bd7 17. Re1 Qd6 18. f3 Rad8 19. Qd2 Bc6 20. Rad1 Rde8
21. b3 b5 22. bxc4 bxc4 23. Qa5 Nh5 24. g4 Nf6 25. Bg3 Qe7 26. Rb1 Nd7 27. a4
Qf6 28. Kg2 Re7 29. Qd2 Rfe8 30. h4 g6 31. Bf4 Qg7 32. a5 Nf8 33. Qc3 Ne6 34.
Be5 f6 35. Bg3 Nf8 36. Kf2 Qf7 37. Qa3 Rb7 38. Rxb7 Qxb7 39. Rb1 Qd7 40. Qd6
Kf7 41. h5 gxh5 42. gxh5 Qxd6 43. Bxd6 Rd8 44. Bb8 Rd7 45. Bf4 Rb7 46. Rxb7+
Bxb7 47. Bxh6 Ne6 48. Kg3 Nd8 49. Bg6+ Kg8 50. Bf4 Nc6 51. h6 Nxa5 52. Bd6 Nc6
53. Kg4 c3 54. Kh5 c2 55. Bxc2 1-0

[Event "Superliga 2010_M"]
[Site "Baile Herculane"]
[Date "2010.09.06"]
[Round "3.42"]
[White "Szabo, Gergely-Andras-Gyul"]
[Black "Gilea, Lucian"]
[Result "1-0"]
[WhiteElo "2552"]
[BlackElo "2287"]
[PlyCount "87"]
[EventDate "2010.09.04"]

1. d4 d6 2. Nf3 Bg4 3. e4 Nd7 4. Nbd2 c6 5. Bd3 e5 6. c3 Be7 7. O-O Ngf6 8. Re1
O-O 9. Nf1 Qb6 10. Ne3 Bxf3 11. Qxf3 g6 12. Nc2 Rfe8 13. b3 Bf8 14. Bb2 d5 15.
exd5 cxd5 16. Bf1 e4 17. Qh3 Qe6 18. Qxe6 fxe6 19. c4 Rac8 20. c5 h5 21. b4 Bh6
22. a4 Rf8 23. h3 g5 24. Ra3 Rf7 25. a5 h4 26. Be2 Rcf8 27. a6 Nb8 28. axb7
Rxb7 29. Rea1 Rff7 30. b5 Kh7 31. Bc3 Bf8 32. R3a2 Rg7 33. Ne3 Kg6 34. Ba5 Rbf7
35. Bd8 Be7 36. Ba5 Bf8 37. Ra4 Nbd7 38. Rc1 Nb8 39. Bd8 Rd7 40. Ba5 Rdf7 41.
Bg4 Re7 42. c6 Ne8 43. Bd8 Nc7 44. Bxe7 1-0

[Event "Superliga 2010_M"]
[Site "Baile Herculane"]
[Date "2010.09.07"]
[Round "4.32"]
[White "Gilea, Lucian"]
[Black "Ionescu, Constantin"]
[Result "0-1"]
[WhiteElo "2287"]
[BlackElo "2423"]
[PlyCount "68"]
[EventDate "2010.09.04"]

1. d4 Nf6 2. Nf3 e6 3. g3 b5 4. a4 b4 5. Bg2 Bb7 6. c4 bxc3 7. bxc3 c5 8. O-O
Na6 9. Na3 Be7 10. Nb5 O-O 11. Bg5 cxd4 12. cxd4 Nb4 13. Rb1 a5 14. Nd2 Bxg2
15. Kxg2 Nfd5 16. Bxe7 Qxe7 17. e4 Nb6 18. Qb3 d6 19. Rbc1 Rac8 20. Nc4 Nxc4
21. Rxc4 Rxc4 22. Qxc4 d5 23. exd5 Nxd5 24. Nc3 Nb4 25. Qb5 Qa7 26. Rd1 Qa8+
27. Kg1 Qf3 28. Ne2 h5 29. Rf1 Nd5 30. Rb1 Rc8 31. Rb3 Qe4 32. f3 Qc2 33. Kf2
Qd2 34. Qb7 Rc1 0-1

[Event "Superliga 2010_M"]
[Site "Baile Herculane"]
[Date "2010.09.08"]
[Round "5.32"]
[White "Balog, Imre"]
[Black "Gilea, Lucian"]
[Result "1-0"]
[WhiteElo "2513"]
[BlackElo "2287"]
[PlyCount "105"]
[EventDate "2010.09.04"]

1. c4 c6 2. e4 e5 3. Nc3 Nf6 4. Nf3 Qc7 5. d4 d6 6. h3 g6 7. d5 c5 8. Be2 Bg7
9. Be3 Qe7 10. Nd2 Na6 11. a3 Bd7 12. Nb5 O-O 13. g4 Ne8 14. Nf1 f5 15. gxf5
gxf5 16. exf5 Bxf5 17. Ng3 Qd7 18. Nxf5 Qxf5 19. Qd2 Nac7 20. Nc3 Nf6 21. O-O-O
a6 22. Rdg1 Kh8 23. Rg3 b5 24. Bg4 Nxg4 25. hxg4 Qg6 26. Rgh3 b4 27. Rxh7+ Kg8
28. axb4 cxb4 29. Ne2 Rac8 30. b3 Nb5 31. Ng3 Na3 32. Rxg7+ Kxg7 33. Nf5+ Rxf5
34. gxf5 Qxf5 35. Qd1 Qb1+ 36. Kd2 Qb2+ 37. Kd3 Qc3+ 38. Ke4 Qc2+ 39. Qxc2 Nxc2
40. Kf5 a5 41. Ke6 a4 42. bxa4 b3 43. Rg1+ Kh7 44. c5 b2 45. c6 Na3 46. Kd7 Rg8
47. Rh1+ Kg6 48. c7 b1=Q 49. Rxb1 Nxb1 50. c8=Q Rxc8 51. Kxc8 Nc3 52. a5 Kf5
53. Kb7 1-0

[Event "Superliga 2010_M"]
[Site "Baile Herculane"]
[Date "2010.09.09"]
[Round "6.42"]
[White "Gilea, Lucian"]
[Black "Marin , Mihail"]
[Result "1/2-1/2"]
[WhiteElo "2287"]
[BlackElo "2575"]
[PlyCount "84"]
[EventDate "2010.09.04"]

1. d4 Nf6 2. Nf3 e6 3. g3 b6 4. Bg2 Bb7 5. O-O c5 6. c3 Be7 7. Nbd2 O-O 8. Re1
d5 9. Ne5 Nbd7 10. Ndf3 Ne4 11. Nxd7 Qxd7 12. Ne5 Qc7 13. f3 Nf6 14. Bg5 h6 15.
Bxf6 Bxf6 16. f4 Rac8 17. Rc1 Rfe8 18. e3 Be7 19. Bf1 Bd6 20. Bb5 Red8 21. Qg4
Qe7 22. Bd3 Rc7 23. Rf1 Rf8 24. Rf2 f5 25. Qf3 Bxe5 26. fxe5 g5 27. Qh5 Qg7 28.
g4 cxd4 29. exd4 f4 30. h4 gxh4 31. Qxh4 Qg5 32. Qxg5+ $11 hxg5 33. Kg2 Kg7 34.
Rh1 Rh8 35. Rxh8 Kxh8 36. Kf3 Kg8 37. Rh2 Rg7 38. Rh6 Kf7 39. Rh8 Rg8 40. Rh7+
Rg7 41. Rh8 Rg8 42. Rh7+ Rg7 1/2-1/2

[Event "CAMPIONATUL NATIONAL INDIVIDUA"]
[Site "BAILE OLANESTI"]
[Date "2010.02.04"]
[Round "6.12"]
[White "Foisor, Ovidiu Doru"]
[Black "Gilea, Lucian"]
[Result "1/2-1/2"]
[WhiteElo "2420"]
[BlackElo "2272"]
[PlyCount "40"]
[EventDate "2010.01.31"]

1. d4 Nf6 2. c4 e6 3. Nc3 d5 4. cxd5 exd5 5. Bg5 Nbd7 6. e3 c6 7. Bd3 Be7 8.
Qc2 O-O 9. Nge2 Re8 10. f3 h6 11. Bh4 Nf8 12. O-O a6 13. Rad1 b5 14. Kh1 Bb7
15. Bf2 Rc8 16. Bf5 Ne6 17. e4 Bf8 18. Bh4 g5 19. Bg3 Ra8 20. Qd2 Ng7 1/2-1/2

[Event "CAMPIONATUL NATIONAL INDIVIDUA"]
[Site "BAILE OLANESTI"]
[Date "2010.02.05"]
[Round "7.10"]
[White "Gilea, Lucian"]
[Black "Moldovan , Daniel"]
[Result "1/2-1/2"]
[WhiteElo "2272"]
[BlackElo "2443"]
[PlyCount "29"]
[EventDate "2010.01.31"]

1. d4 d6 2. Nf3 Bg4 3. Nbd2 Nf6 4. g3 c6 5. Bg2 Nbd7 6. c3 e5 7. Qb3 Qc7 8. e4
Be7 9. O-O O-O 10. Re1 b5 11. a4 a6 12. h3 Bxf3 13. Bxf3 Rab8 14. axb5 axb5 15.
Nf1 1/2-1/2

[Event "CAMPIONATUL NATIONAL INDIVIDUA"]
[Site "BAILE OLANESTI"]
[Date "2010.02.06"]
[Round "8.12"]
[White "Gilea, Lucian"]
[Black "Dumitrache, Dragos Nicolae"]
[Result "0-1"]
[WhiteElo "2272"]
[BlackElo "2472"]
[PlyCount "98"]
[EventDate "2010.01.31"]

1. d4 Nf6 2. Nf3 d6 3. g3 g6 4. Bg2 Bg7 5. b3 O-O 6. Bb2 Nbd7 7. Nbd2 a5 8. c4
e5 9. dxe5 dxe5 10. Nxe5 Ng4 11. Nxg4 Bxb2 12. Rb1 Bc3 13. Qc1 Bg7 14. O-O Re8
15. Re1 Nc5 16. Ne3 Ra6 17. Ndf1 Ne6 18. Nd5 h5 19. Nf4 Nc5 20. Qc2 Rd6 21.
Rbd1 c6 22. Rxd6 Qxd6 23. Rd1 Qc7 24. Qd2 h4 25. Qd6 Qxd6 26. Rxd6 g5 27. Nh3
Bxh3 28. Bxh3 Rxe2 29. Rd8+ Bf8 30. Rd2 Re1 31. Bf5 Kg7 32. Kg2 Kf6 33. Bc8 Ne4
34. Rc2 Bc5 35. gxh4 gxh4 36. Nd2 Nxf2 37. Nf3 Re8 38. Bxb7 h3+ 39. Kf1 Ng4 40.
Re2 Ne3+ 41. Ke1 Rd8 42. Rb2 Ng2+ 43. Kf1 Rd1+ 44. Ke2 Rd6 45. Rd2 Re6+ 46. Kd1
Ne3+ 47. Kc1 Ke7 48. Nd4 Ba3+ 49. Kb1 Rf6 0-1

[Event "CAMPIONATUL NATIONAL INDIVIDUA"]
[Site "?"]
[Date "2010.02.02"]
[Round "?"]
[White "Stegariu, Vlad-Ionut"]
[Black "Gilea, Lucian"]
[Result "1/2-1/2"]
[WhiteElo "2036"]
[BlackElo "2272"]
[PlyCount "153"]
[EventDate "2010.??.??"]

1. d4 Nf6 2. c4 e6 3. Nf3 b6 4. e3 Bb7 5. Bd3 Ne4 6. Nbd2 Bb4 7. O-O f5 8. a3
Be7 9. Qc2 Nxd2 10. Nxd2 Bf6 11. e4 Nc6 12. Nb3 Nxd4 13. Nxd4 Bxd4 14. exf5 e5
15. Be3 Qh4 16. Rae1 Qg4 17. f3 Bxe3+ 18. Rxe3 Qd4 19. Rfe1 O-O-O 20. Kh1 Rhe8
21. Be4 Ba6 22. Rc3 Bb7 23. b4 Bxe4 24. fxe4 Qd6 25. c5 Qf6 26. Rc1 b5 27. c6
d5 28. Rc5 dxe4 29. Rxb5 Rd3 30. Qc5 Qd6 31. Qxa7 Kd8 32. Rb8+ Ke7 33. Rb7 Rc8
34. Qf2 e3 35. f6+ gxf6 36. Qf3 Rd8 37. Re1 Rd1 38. Qxe3 Qxc6 39. Ra7 Rxe1+ 40.
Qxe1 Qc2 41. h3 Rg8 42. Qg1 e4 43. Qc5+ Qxc5 44. bxc5 Kd7 45. Kg1 Rg3 46. Kf2
Rc3 47. Ra6 f5 48. Rf6 Rxc5 49. g4 Rc2+ 50. Ke1 fxg4 51. hxg4 Rg2 52. Rf4 e3
53. Re4 Kd6 54. Rxe3 Rxg4 55. Rh3 Rg7 56. Rh5 Kc6 57. Kd2 Kb6 58. Kc3 c6 59.
Kc4 Rf7 60. a4 Rf4+ 61. Kb3 Rf7 62. Kc4 Ra7 63. Kb4 c5+ 64. Kb3 Rg7 65. Kc4
Rg4+ 66. Kc3 Re4 67. Rxh7 Rxa4 68. Rh8 Kb5 69. Rb8+ Kc6 70. Rc8+ Kd6 71. Rd8+
Kc7 72. Rh8 Rf4 73. Rh6 Rd4 74. Rg6 Rd6 75. Rxd6 Kxd6 76. Kc4 Kc6 77. Kc3
1/2-1/2

[Event "CAMPIONATUL NATIONAL INDIVIDUAL MASCULI"]
[Site "?"]
[Date "2010.02.02"]
[Round "3.9"]
[White "Gilea, Lucian"]
[Black "Berescu, Alin Mile"]
[Result "0-1"]
[WhiteElo "2272"]
[BlackElo "2476"]
[PlyCount "62"]
[EventDate "2010.??.??"]

1. d4 Nf6 2. Nf3 g6 3. g3 Bg7 4. Bg2 c5 5. O-O cxd4 6. Nxd4 Nc6 7. c4 Qb6 8.
Nb3 d6 9. Nc3 Ne5 10. Be3 Qd8 11. c5 Nc4 12. Bc1 O-O 13. Qd4 Be6 14. cxd6 exd6
15. Qd1 Qb6 16. Nd4 d5 17. b3 Ne4 18. Nxe4 Bxd4 19. Rb1 dxe4 20. bxc4 Bxf2+ 21.
Rxf2 Qxb1 22. Rf1 Bxc4 23. Qd2 Rad8 24. Qc3 Qb6+ 25. Be3 Rd3 26. Qxd3 exd3 27.
Bxb6 dxe2 28. Rc1 axb6 29. Kf2 b5 30. Bxb7 Rd8 31. Ke1 Rd1+ 0-1

[Event "CAMPIONATUL NATIONAL INDIVIDUAL MASCULI"]
[Site "BAILE OLANESTI"]
[Date "2010.02.01"]
[Round "2.28"]
[White "Spirea, Mihai"]
[Black "Gilea, Lucian"]
[Result "0-1"]
[WhiteElo "1982"]
[BlackElo "2272"]
[PlyCount "58"]
[EventDate "2010.??.??"]

1. e4 c5 2. c3 d6 3. d4 Nd7 4. Be3 Qc7 5. Bd3 a6 6. Ne2 Ngf6 7. f3 e5 8. O-O g6
9. a4 Bg7 10. Na3 Rb8 11. Qd2 O-O 12. Rfd1 d5 13. dxe5 Nxe5 14. exd5 Nxd5 15.
Be4 Nxe3 16. Qxe3 Be6 17. Bd5 Rfe8 18. Bxe6 Rxe6 19. Rd5 Rbe8 20. Ng3 Ng4 21.
Qd2 Bh6 22. Rg5 Re2 23. Qxe2 Rxe2 24. Rxg4 Rxb2 25. Re1 b5 26. Re8+ Bf8 27. Ne4
f5 28. Nf6+ Kf7 29. Rh4 Qd6 0-1

[Event "Campionatul National Individual Masculi"]
[Site "?"]
[Date "2010.02.03"]
[Round "5.25"]
[White "Gilea, Lucian"]
[Black "Cirjan, Daniel"]
[Result "1-0"]
[WhiteElo "2272"]
[BlackElo "2000"]
[PlyCount "63"]
[EventDate "2010.??.??"]

1. d4 f5 2. e4 fxe4 3. Nc3 Nf6 4. Bg5 c6 5. f3 exf3 6. Nxf3 d6 7. Bd3 Bg4 8. h3
Bh5 9. g4 Bf7 10. Qe2 Nbd7 11. Bf4 Qc7 12. Ng5 Bg8 13. Bc4 h6 14. Ne6 Bxe6 15.
Bxe6 O-O-O 16. O-O-O Kb8 17. h4 h5 18. g5 Ng4 19. Bg3 c5 20. Nd5 Qa5 21. Bxg4
hxg4 22. Kb1 cxd4 23. Nxe7 Bxe7 24. Qxe7 Ne5 25. Rxd4 Qc7 26. Qe6 Rhe8 27. Qd5
Qc6 28. c4 Qc8 29. Rhd1 Qf5+ 30. Qe4 Qf3 31. Bxe5 Rxe5 32. Qxg4 1-0

[Event "Festivalul Hermannstadt - Seniori"]
[Site "?"]
[Date "2010.08.07"]
[Round "?"]
[White "Gilea, Lucian"]
[Black "Petre, Mihai"]
[Result "1-0"]
[WhiteElo "2287"]
[BlackElo "1802"]
[PlyCount "80"]
[EventDate "2010.??.??"]

1. d4 d5 2. Nf3 Nf6 3. c4 e6 4. Nc3 c6 5. Bf4 Nbd7 6. e3 a6 7. c5 b6 8. b4 Be7
9. Bd3 a5 10. b5 Bb7 11. cxb6 Qxb6 12. Na4 Qd8 13. O-O c5 14. dxc5 Nxc5 15. Rc1
Rc8 16. Nxc5 Bxc5 17. Ne5 d4 18. Nc6 Qb6 19. Nxd4 Bxd4 20. Rxc8+ Bxc8 21. exd4
Qxd4 22. Qc2 Bb7 23. Be3 Qd5 24. f3 O-O 25. Rd1 Qe5 26. Bf2 Rc8 27. Qa4 Qc3 28.
Qh4 e5 29. Bf5 Re8 30. Bb6 h6 31. Qe1 Qxe1+ 32. Rxe1 a4 33. Bc7 Nd5 34. Bxe5
Nb4 35. a3 Nd5 36. Bg3 Ra8 37. Bd7 Nb6 38. Bc6 Bxc6 39. bxc6 Nc4 40. c7 Nd6 1-0

[Event "Festivalul Hermannstadt - Seniori"]
[Site "?"]
[Date "2010.08.08"]
[Round "?"]
[White "Gilea, Lucian"]
[Black "Georgescu, Tiberiu-Marian"]
[Result "1/2-1/2"]
[WhiteElo "2287"]
[BlackElo "2404"]
[PlyCount "68"]
[EventDate "2010.??.??"]

1. d4 Nf6 2. Nf3 e6 3. g3 c5 4. Bg2 cxd4 5. Nxd4 d5 6. O-O e5 7. Nb3 Nc6 8. Bg5
Be6 9. Nc3 d4 10. Ne4 Be7 11. Nec5 Bc8 12. e3 O-O 13. exd4 exd4 14. Re1 h6 15.
Bxf6 Bxf6 16. Ne4 Be7 17. a3 Qb6 18. c3 Be6 19. Nxd4 Rad8 20. Nxc6 bxc6 21. Qe2
Rb8 22. b4 a5 23. Qe3 Qxe3 24. Rxe3 Rfd8 25. Bf1 Ra8 26. Ree1 Ra7 27. Red1 Rxd1
28. Rxd1 axb4 29. axb4 Ra2 30. Bd3 Ra3 31. Re1 Bxb4 32. cxb4 Rxd3 33. Nc5 Rd6
34. Nxe6 fxe6 1/2-1/2

[Event "Festivalul Hermannstadt - Seniori"]
[Site "?"]
[Date "2010.08.08"]
[Round "?"]
[White "Vladut, Matei"]
[Black "Gilea, Lucian"]
[Result "0-1"]
[WhiteElo "1934"]
[BlackElo "2287"]
[PlyCount "86"]
[EventDate "2010.??.??"]

1. e4 g6 2. d4 Bg7 3. Nf3 d6 4. Be2 Nd7 5. c4 c5 6. Nc3 cxd4 7. Nxd4 Ngf6 8.
Be3 a6 9. O-O Nc5 10. f3 O-O 11. b4 Ne6 12. Qd2 Nxd4 13. Bxd4 Be6 14. Rac1 a5
15. bxa5 Nd7 16. Be3 Qxa5 17. Rc2 Rfc8 18. Rb1 Nc5 19. Nd5 Bxd5 20. cxd5 Qa3
21. Bxc5 Rxc5 22. Rxb7 Bd4+ 23. Kh1 Be3 24. Qd1 Rac8 25. Rxc5 Rxc5 26. Rb8+ Kg7
27. Rb1 Qxa2 28. Bd3 h5 29. Ra1 Qb2 30. Rb1 Qf6 31. Qe2 Bd4 32. g3 h4 33. Kg2
g5 34. Rb3 Rc8 35. Rb1 Rh8 36. gxh4 Rxh4 37. h3 Qf4 38. Rh1 Rh8 39. Rb1 Be5 40.
Rh1 Qg3+ 41. Kf1 Ra8 42. Bc2 Ra1+ 43. Bd1 Bd4 0-1

[Event "Festivalul Hermannstadt - Seniori"]
[Site "?"]
[Date "2010.08.09"]
[Round "?"]
[White "Manea, Alexandru"]
[Black "Gilea, Lucian"]
[Result "1-0"]
[WhiteElo "2390"]
[BlackElo "2287"]
[PlyCount "63"]
[EventDate "2010.??.??"]

1. d4 Nf6 2. c4 e6 3. Nc3 b6 4. Nf3 Bb7 5. g3 Be7 6. Bg2 O-O 7. O-O Ne4 8. Bd2
f5 9. Qc2 Nxc3 10. Bxc3 d6 11. Rad1 Nd7 12. Ne1 Bxg2 13. Nxg2 Bg5 14. f4 Bf6
15. e4 g6 16. b4 Bg7 17. e5 Qc8 18. Ne3 Re8 19. Qg2 a5 20. b5 dxe5 21. fxe5 Bh6
22. Rde1 Rb8 23. Qc6 Rb7 24. Qf3 Nb8 25. d5 Nd7 26. dxe6 Bxe3+ 27. Rxe3 Nc5 28.
g4 Qxe6 29. gxf5 Qxc4 30. e6 h5 31. f6 Kf8 32. f7 1-0

[Event "Festivalul Hermannstadt - Seniori"]
[Site "?"]
[Date "2010.08.10"]
[Round "?"]
[White "Gilea, Lucian"]
[Black "Filip, Lucian-Ioan"]
[Result "0-1"]
[WhiteElo "2287"]
[BlackElo "2470"]
[PlyCount "104"]
[EventDate "2010.??.??"]

1. d4 Nf6 2. Nf3 c5 3. c3 e6 4. Bf4 b6 5. Nbd2 Bb7 6. e3 Be7 7. Bd3 Nh5 8. Bg3
g6 9. Be5 O-O 10. g4 Nf6 11. Rg1 cxd4 12. exd4 d6 13. Bf4 e5 14. dxe5 dxe5 15.
Nxe5 Nbd7 16. Qe2 Nd5 17. Bg3 Nxe5 18. Qxe5 Nb4 19. Be4 Re8 20. O-O-O Bg5 21.
Qxe8+ Qxe8 22. Bxb7 Rd8 23. cxb4 Bxd2+ 24. Rxd2 Rxd2 25. Kxd2 Qd7+ 26. Kc3 Qxb7
27. h3 Qc6+ 28. Kb3 Qf3+ 29. Kc2 Qe4+ 30. Kc3 Qc6+ 31. Kb3 Qf3+ 32. Kc2 Qe2+
33. Kc3 b5 34. a3 f6 35. Rc1 f5 36. gxf5 gxf5 37. Rc2 Qc4+ 38. Kd2 Qd4+ 39. Kc1
f4 40. Bh4 Qe4 41. Rc3 Qe1+ 42. Kc2 Qe2+ 43. Kc1 Kf7 44. Rc5 Qf1+ 45. Kc2 Qxh3
46. Bg5 Qh2 47. Rxb5 Qxf2+ 48. Kb3 Kg6 49. Ka4 Qc2+ 50. Ka5 Qc7+ 51. Ka4 Qc6
52. Bxf4 a6 0-1

[Event "Festivalul Hermannstadt - Seniori"]
[Site "?"]
[Date "2010.08.10"]
[Round "?"]
[White "Gilea, Lucian"]
[Black "Miron, Ionel"]
[Result "1-0"]
[WhiteElo "2287"]
[BlackElo "2043"]
[PlyCount "93"]
[EventDate "2010.??.??"]

1. d4 d5 2. Nf3 Nf6 3. g3 e6 4. Bg2 Bd6 5. O-O O-O 6. c4 c6 7. Nc3 Nbd7 8. Qc2
dxc4 9. Nd2 e5 10. Nxc4 Bc7 11. Rd1 exd4 12. Rxd4 Qe7 13. b3 Qc5 14. Qd2 Qh5
15. Ba3 Re8 16. Bd6 Bb6 17. Nxb6 axb6 18. Bf3 Qg6 19. Bc7 b5 20. b4 Nf8 21. Rd8
Bf5 22. Rxa8 Rxa8 23. Bg2 Ne6 24. Bb6 Ng5 25. h4 Nge4 26. Nxe4 Nxe4 27. Qd4 Nf6
28. e4 Be6 29. a4 Nd7 30. a5 Qf6 31. Rd1 Nxb6 32. Qxb6 Qe7 33. e5 h5 34. Qd4
Bg4 35. Rd2 Re8 36. f4 Qe6 37. Kh2 g6 38. Qb6 Qe7 39. Rd6 Ra8 40. Qc5 Qc7 41.
Be4 Kg7 42. e6 fxe6 43. Qd4+ Kh6 44. f5 gxf5 45. Qf6+ Kh7 46. Rxe6 fxe4 47.
Qh6+ 1-0

[Event "Festivalul Hermannstadt - Seniori"]
[Site "?"]
[Date "2010.08.11"]
[Round "?"]
[White "Pop, Alexandru"]
[Black "Gilea, Lucian"]
[Result "1/2-1/2"]
[WhiteElo "2071"]
[BlackElo "2287"]
[PlyCount "125"]
[EventDate "2010.??.??"]

1. e4 d6 2. d4 Nf6 3. f3 Nc6 4. c4 e5 5. d5 Ne7 6. Bg5 Ng6 7. Qd2 Be7 8. Be3 h5
9. g3 Nh7 10. h4 f5 11. exf5 Bxf5 12. Bd3 Qd7 13. Nc3 Nf6 14. Qc2 Bxd3 15. Qxd3
e4 16. Nxe4 Ne5 17. Nxf6+ Bxf6 18. Qc2 b5 19. cxb5 Qxb5 20. O-O-O Rb8 21. Bg5
O-O 22. Nh3 Nc4 23. Bxf6 Rxf6 24. Ng5 Qxb2+ 25. Qxb2 Rxb2 26. Rd4 Rxa2 27. Kb1
Ra4 28. Rhd1 Rf8 29. Re4 Rb8+ 30. Kc2 Ra2+ 31. Kc3 Ne5 32. f4 Nd7 33. Rde1 Nf6
34. Rd4 Rb5 35. Re7 Rc5+ 36. Kd3 Rcc2 37. Rb4 Rd2+ 38. Kc4 Rac2+ 39. Kb5 Rb2
40. Rxb2 Rxb2+ 41. Ka6 Rc2 42. Kxa7 Rc3 43. Kb7 Rxg3 44. Rxc7 Rb3+ 45. Ka7 Re3
46. Rc8+ Re8 47. Rxe8+ Nxe8 48. Kb6 Kf8 49. Kc6 Ke7 50. f5 Nf6 51. Ne6 Ng4 52.
Nxg7 Ne3 53. Nxh5 Nxf5 54. Nf4 Nxh4 55. Kc7 Nf5 56. Nd3 Kf6 57. Kd7 Kg6 58. Ke6
Kg5 59. Nb2 Kf4 60. Nc4 Kg4 61. Nxd6 Ne3 62. Nf7 Nxd5 63. Kxd5 1/2-1/2

[Event "Festivalul Hermannstadt - Seniori"]
[Site "?"]
[Date "2010.08.12"]
[Round "?"]
[White "Gilea, Lucian"]
[Black "Paval, George"]
[Result "1/2-1/2"]
[WhiteElo "2287"]
[BlackElo "2193"]
[PlyCount "134"]
[EventDate "2010.??.??"]

1. d4 Nf6 2. Nf3 g6 3. b3 Bg7 4. Bb2 d5 5. Nbd2 O-O 6. c4 c6 7. g3 a5 8. Bg2 a4
9. Ne5 Nbd7 10. Nd3 Re8 11. O-O Nf8 12. Nc5 a3 13. Bc3 b6 14. Nd3 Bb7 15. c5
Ne6 16. b4 Nd7 17. Nb3 Ba6 18. Re1 Bc4 19. e3 f5 20. Qc2 bxc5 21. bxc5 Ng5 22.
Nb4 Qc7 23. Nd2 Bb5 24. Qb3 e6 25. f4 Ne4 26. Nxe4 fxe4 27. Bf1 Reb8 28. Bxb5
Rxb5 29. Rab1 Qb7 30. Qc2 Rb8 31. Rb3 Nxc5 32. dxc5 Bxc3 33. Qxc3 Rxb4 34. Reb1
Rb5 35. Qe5 Qc8 36. Rxb5 cxb5 37. Qd6 b4 38. c6 Rb6 39. Rc1 Kf7 40. Kg2 h5 41.
Rc5 b3 42. axb3 a2 43. Ra5 Qxc6 44. Qa3 Qc2+ 45. Kh3 Qxb3 46. Qc5 Rb7 47. Ra8
Qb4 48. Qc8 a1=Q 49. Rxa1 Qe7 50. Ra8 Kf6 51. Qc3+ e5 52. fxe5+ Kg5 53. Ra6 Rc7
54. Qd4 Qe8 55. e6 Qf8 56. Qxd5+ Qf5+ 57. Qxf5+ Kxf5 58. Rd6 Re7 59. g4+ hxg4+
60. Kg3 Rh7 61. Rd4 Rh3+ 62. Kg2 Kxe6 63. Rxe4+ Kf5 64. Re8 Kf6 65. Re4 Kf5 66.
Re7 Kf6 67. Re8 Kf5 1/2-1/2

[Event "Superliga"]
[Site "?"]
[Date "2010.09.05"]
[Round "?"]
[White "Gilea, Lucian"]
[Black "Flumbort, Andras"]
[Result "0-1"]
[WhiteElo "2287"]
[BlackElo "2550"]
[PlyCount "80"]
[EventDate "2010.??.??"]

1. d4 Nf6 2. Nf3 d5 3. g3 c6 4. Bg2 Bf5 5. O-O h6 6. b3 e6 7. Bb2 Be7 8. Nbd2
Nbd7 9. c4 O-O 10. Ne5 a5 11. Nxd7 Qxd7 12. c5 b6 13. cxb6 Qb7 14. e4 Bh7 15.
exd5 cxd5 16. Nc4 Qa6 17. Ne5 Qxb6 18. Rc1 a4 19. Rc3 axb3 20. axb3 Qb5 21. Re1
Bb4 22. Rc5 Bxc5 23. dxc5 Ra2 24. Bd4 Bc2 25. Qc1 Rc8 26. Bh3 Be4 27. c6 Qxb3
28. Qc5 Qa3 29. Qb6 Qa5 30. Qxa5 Rxa5 31. f3 Ra4 32. Ba1 Bf5 33. g4 Bc2 34. g5
hxg5 35. Nxf7 g4 36. fxg4 Kxf7 37. g5 Ne4 38. Rf1+ Ke7 39. Bxg7 Rg8 40. c7 Rc4
0-1

[Event "Superliga 2010_M"]
[Site "?"]
[Date "2010.09.12"]
[Round "9.12"]
[White "Thesing, Matthias"]
[Black "Gilea, Lucian"]
[Result "1-0"]
[WhiteElo "2432"]
[BlackElo "2287"]
[PlyCount "79"]
[EventDate "2010.??.??"]
[TimeControl "5400"]

1. e4 e6 2. d4 d5 3. Nc3 Bb4 4. e5 Qd7 5. Bd2 b6 6. Bb5 c6 7. Ba4 b5 8. Bb3 c5
9. dxc5 Bxc5 10. Qg4 f5 11. Qh5+ g6 12. Qh4 a6 13. O-O-O Bb7 14. Nf3 Be7 15.
Qg3 Bf8 16. h4 Ne7 17. h5 Nbc6 18. hxg6 Nxg6 19. Bg5 Na5 20. Ne2 Nc4 21. Nfd4
Bg7 22. f4 Qf7 23. Bh6 Rg8 24. Bxg7 Rxg7 25. Rh6 O-O-O 26. Qc3 Qe8 27. Rdh1 Nf8
28. a4 bxa4 29. Bxc4 dxc4 30. Qxc4+ Rc7 31. Qb4 Bxg2 32. Rg1 Bd5 33. Nc3 Rb7
34. Qc5+ Kb8 35. Rg8 Rc7 36. Qb4+ Rb7 37. Qa5 a3 38. Rf6 axb2+ 39. Kb1 Rf7 40.
Rxf7 1-0

[Event "Campionatul National de Sah In"]
[Site "Eforie Nord"]
[Date "2009.??.??"]
[Round "4.10"]
[White "Baratosi, Daniel"]
[Black "Gilea, Lucian"]
[Result "1-0"]
[WhiteElo "2421"]
[BlackElo "2279"]
[Annotator ",alex"]
[PlyCount "65"]
[EventDate "2009.02.01"]

1. e4 e6 2. d4 d5 3. Nc3 Bb4 4. e5 Qd7 5. a3 Bxc3+ 6. bxc3 b6 7. Qg4 f5 8. Qg3
Ba6 9. Bxa6 Nxa6 10. Ne2 Nb8 11. c4 dxc4 12. d5 Ne7 13. dxe6 Qxe6 14. Qxg7 Rg8
15. Nf4 Qc6 16. Qxh7 Qe4+ 17. Be3 Qxe5 18. Qh5+ Kd8 19. O-O Nbc6 20. Rfe1 Kc8
$11 21. Qf7 c3 22. Rad1 Kb7 23. Bc1 Qc5 24. Ne6 Qa5 25. Bf4 Rac8 26. Rd7 Nd5
27. Bxc7 Ka8 28. Bg3 f4 29. Rxd5 Qxd5 30. Nc7+ Rxc7 31. Qxd5 Rd8 32. Qxd8+ Nxd8
33. Bxf4 1-0

[Event "Campionatul National de Sah In"]
[Site "Eforie Nord"]
[Date "2009.02.05"]
[Round "6.9"]
[White "Filip, Lucian-Ioan"]
[Black "Gilea, Lucian"]
[Result "1/2-1/2"]
[WhiteElo "2458"]
[BlackElo "2279"]
[Annotator ",alex"]
[PlyCount "39"]
[EventDate "2009.02.01"]

1. Nf3 d5 2. d4 c6 3. c4 Nf6 4. e3 Bg4 5. Nc3 e6 6. h3 Bh5 7. Qb3 Qc7 8. Ne5
Nbd7 9. g4 Bg6 10. Nxg6 hxg6 11. Bg2 Be7 12. cxd5 exd5 13. Qc2 Nb6 14. b3 O-O-O
15. Bb2 Kb8 16. O-O-O Rde8 17. Kb1 Bb4 18. a3 Bd6 19. Ka2 Qe7 20. Rde1 $11
1/2-1/2